000 00317nam a2200133 i 4500
001 bg
100 1 _aLAVER, Murray
245 0 _aKomputery, łączność, społeczeństwo /
_cMurray Laver.
260 _aWarszawa,
_c1978.
040 _cBPK
041 _apol
942 _cKS
008 s pl f |000 0 pol
999 _c9566
_d9566
856 _uhttp://koha.tu.koszalin.pl/cgi-bin/koha/opac-detail.pl?biblionumber=9566
_yKatalog online BPK